000 01056cad a22002295a 4500
001 L152431
008 110307e20110218xxkd f s 000 0 eng d
035 _a(Sirsi) u152431
041 0 _aeng
050 0 4 _a333.33 $2 18
110 2 _aRoyal Institution of Chartered Surveyors
_bEconomics
_95033
245 0 0 _aRICS global real estate weekly
_b18 February 2011
_h[electronic resource]
260 _aLondon
_bRICS
_c2011
490 0 _aRICS Global Real Estate Weekly
_v18 February 2011
520 _aInterest rates are a key risk for the French housing outlook. Hong Kong property continues to broach new heights. Inflation in danger of ruining Brazil's party. Cost of money set to edge upwards in the UK as mortgage finance remains tight.
590 _aKA
650 2 4 _aRICS GLOBAL REAL ESTATE WEEKLY
651 4 _aInternational
690 _aPROPERTY-RESIDENTIAL PROPERTY-RESIDENTIAL PROPERTY MARKET
856 4 0 _uhttps://www.rics.org/site/download_feed.aspx?fileID=8805&fileExtension=PDF
_zView the report free of charge at www.rics.org
942 _n0
999 _c112058
_d112058